Countries with Giraffes - Statistics

General Stats
  • This quiz has been taken 73 times
  • The average score is 17 of 20
Answer Stats
Continent Country % Correct
Africa Kenya
93%
Africa South Africa
93%
Africa Democratic Republic of the Congo
92%
Africa Zimbabwe
92%
Africa Mozambique
90%
Africa Zambia
90%
Africa Botswana
88%
Africa Namibia
88%
Africa Tanzania
88%
Africa Ethiopia
85%
Africa Uganda
85%
Africa Niger
83%
Africa Angola
81%
Africa Rwanda
80%
Africa South Sudan
80%
Africa Central African Republic
78%
Africa Chad
76%
Africa Cameroon
73%
Africa Somalia
69%
Africa Benin
61%
No matching quizzes found
Score Distribution
Percent of People with Each Score
Percentile by Number Answered
Your Score History
You have not taken this quiz